| 000 | 01167nam a22002657a 4500 | ||
|---|---|---|---|
| 999 |
_c120444 _d120444 |
||
| 005 | 20181109154826.0 | ||
| 010 | _aB-175801 | ||
| 020 |
_c160.00 _a8173291705 |
||
| 035 | _aB-175801 | ||
| 035 | _aB-175825 | ||
| 037 | _bCen Lib/Ret | ||
| 082 |
_a641.1 _bशुक्लाफ |
||
| 100 | _aशुक्ला, फ़कीरचंद | ||
| 245 |
_aनिरोग रहने के लिए आहार / _bफ़कीरचंद शुक्ला |
||
| 246 |
_aNirog rahane ke liye aahar / _bby Faqir Chand Shukla |
||
| 260 |
_aदिल्ली _bशिलालेख _c2005 |
||
| 270 |
_a4/32, सुभाष गली, विश्वास नगर, शाहदरा _bदिल्ली _e110032 |
||
| 300 |
_a151पृ. : _c21सेमी(सजिल्द) _bरंगीन सचित्र |
||
| 500 | _aअनुक्रमणिका शामिल | ||
| 650 | _aकिशोरावस्था और आहार | ||
| 650 | _aनशीले पदार्थ का सेवन | ||
| 650 | _aTeens and diet | ||
| 650 | _aDrug abuse | ||
| 942 |
_2ddc _cHN _h641.1 _mशुक्लाफ |
||